000 01758nam0a22003371 4500
001 rc\3995155
005 20250611051012.0
021 _aRU
_b[51-7533]
035 _a(NLR Aleph) 008069809
090 _a9055609
_c9055609
100 _a20130415d1951 |||y0rusy50 ca
101 0 _arus
102 _aRU
105 _aa z |||||
200 1 _aМагниевые деформируемые сплавы
_aЖаропрочные легкие сплавы
210 _aМосква
_cМашгиз
_d1951
215 _a39 с.
_cчерт.
_d20
225 1 _aВсесоюзное научное инженерно-техническое общество машиностроителей "ВНИТОМАШ". Комитет металловедения и термической обработки. Заочные курсы усовершенствования инженеров металловедов-термистов
_v35
300 _aПеред загл. авт.: проф. д-р техн. наук С.М. Воронов и канд. техн. наук М.Е. Рабинович
300 _aНа обл. загл. серии: Заоч. курсы по металловедению и терм. обработке
320 _aБиблиогр.: с. 38 (23 назв.)
606 _aЖароупорные сплавы
_2psbo
606 _aМагниевые сплавы
_2psbo
700 1 _4070
_7ca
_8rus
_aВоронов
_bС. М.
_cд-р техн. наук, металлург
_f1899-1953
_gСавватий Михайлович
_92641424
_3RU\NLR\AUTH\770272977
701 1 _aРабинович
_bМ.Е.
801 0 _aRU
_bNLR
_gpsbo
801 1 _aRU
_bELAR
_2rusmarc
852 _aNLR
_jТ30 Г-4/212-35
942 _cBOOK
980 _aNB